|
|
|
|
| LEADER |
00000naa0a2200000 4500 |
| 001 |
602069 |
| 005 |
20250905164527.0 |
| 035 |
|
|
|a (RuTPU)RU\TPU\tpu\27498
|
| 035 |
|
|
|a RU\TPU\tpu\27133
|
| 090 |
|
|
|a 602069
|
| 100 |
|
|
|a 20150519d2013 k y0rusy50 ca
|
| 101 |
0 |
|
|a rus
|
| 102 |
|
|
|a RU
|
| 200 |
1 |
|
|a Чудак в творчестве Ф. М. Достоевского и Н. С. Лескова
|f Д. А. Медведева
|
| 333 |
|
|
|a В фонде НТБ ТПУ отсутствует
|
| 461 |
|
1 |
|t Актуальные проблемы литературоведения и лингвистики
|o материалы XIV Всероссийской конференции молодых ученых, 4-6 апреля 2013 г.
|d 2013
|
| 463 |
|
1 |
|t Вып. 14, т. 2 : Литературоведение и издательское дело
|f Томский государственный университет (ТГУ), Филологический факультет
|v С. 213-216
|d 2013
|
| 600 |
|
1 |
|a Достоевский
|g Федор Михайлович
|f 1821-1881
|c русский писатель
|b Ф. М.
|2 stltpush
|3 (RuTPU)RU\TPU\pers\1038
|
| 600 |
|
1 |
|a Лесков
|b Н. С.
|c русский писатель
|f 1831-1895
|g Николай Семенович
|2 stltpush
|3 (RuTPU)RU\TPU\pers\6063
|9 1188
|
| 610 |
1 |
|
|a труды учёных ТПУ
|
| 700 |
|
1 |
|a Медведева
|b Д. А.
|c лингвист
|c старший преподаватель Томского политехнического университета
|f 1989-
|g Диана Анатольевна
|3 (RuTPU)RU\TPU\pers\34533
|
| 712 |
0 |
2 |
|a Национальный исследовательский Томский политехнический университет
|c (2009- )
|9 26305
|
| 801 |
|
1 |
|a RU
|b 63413507
|c 20150211
|
| 801 |
|
2 |
|a RU
|b 63413507
|c 20150519
|g RCR
|
| 850 |
|
|
|a 63413507
|
| 942 |
|
|
|c BK
|